| 000 | 02468nam a22003615a 4500 | ||
|---|---|---|---|
| 005 | 20090821113753.0 | ||
| 008 | 090106s2008 ii b 001 0 eng | ||
| 010 | _aENG-94789 | ||
| 020 |
_a9788189487447 _c225.00 |
||
| 035 | _aEN-78322 | ||
| 035 | _aB-361272-278 | ||
| 037 | _bDBAD / PUB | ||
| 037 | _bTulika Books | ||
| 040 |
_adpl _bEnglish |
||
| 082 | _a954.083 | ||
| 245 |
_aFacets of the great revolt 1857 / _cedited by Shireen Moosvi |
||
| 260 |
_aNew Delhi _bTulika Books _c2008 |
||
| 270 |
_a35 A/1 (third floor), Shahpur Jat, _bNew Delhi _e110049 |
||
| 300 |
_axiv, 146 p. : _bill. ; _c25cm(pbk) |
||
| 500 | _aIncludes bibliographical references and index | ||
| 651 |
_aIndia _xHistory _ySepoy Rebellion, 1857-1858. |
||
| 700 | _aMoosvi, Shireen, | ||
| 942 |
_2ddc _cEN _mFAC _h954.083 |
||
| 999 |
_c29367 _d29367 |
||